000 00412nam a22001697a 4500
005 20240110123550.0
008 200520b xxu||||| |||| 00| 0 eng d
020 _a9788174733993
041 _aeng
082 _a547 SHA
100 _aSHARMA,D.C AND RIYAT ,MANMINDER
_98382
245 _aVIVA-VOICE IN BIOCHEMISTRY
260 _aDelhi
_bAITBS PUBLISHERS
300 _a203p.
650 _aPharmacy
942 _cBK
999 _c6344
_d6342